000 005980000a22002170004500
001 41785
010 _a3-88897-049-0
100 _a20060728d1991 k y0pory5003 ba
101 0 _ager
102 _aDE
200 1 _aDie eroberung der luft
_fSimon Werle
210 _aMunique
_cVerlag Antje Kunstmann
_d1991
215 _a149, [1] p.
606 _aLiteratura estrangeira
606 _aLíngua alemã
606 _aConto
675 _a85
_zpor
700 1 _aWerle
_bSimon
090 _a41785
942 _cMON
_n0
999 _a41785